00930nam a22002537ia450000500170000000800410001702000380005804000250009608200200012110000330014124500380017426400440021226400110025630000780026733600210034533700250036633800230039149000360041450000200045050000360047065000680050665000660057483000360064020200227221707.0190821t20192019nyuabo j 001 0 eng d a9781489681782qRM119.30chardback aPPAKbengcPPAKerda04a725.20953572231 aGoldsworthy, Kaite,eauthor.10aBURJ KHALIFA /cKAITE GOLDSWORTHY 1aNew York, NY : bAV2 by Weigl, c[2019] 4c©2019 a24 pages :bcolour illustrations, colour map, colour photographs ;c27 cm 2rdacontentatext 2rdamediaaunmediated 2rdacarrieravolume1 aSTRUCTURAL WONDERS OF THE WORLD aIncludes index. aIncludes exercises and answers.10aBurj Khalifa (Dubai, United Arab Emirates)vJuvenile literature20aSkyscraperszUnited Arab EmirateszDubaivJuvenile literature 0aStructural wonders of the world